00288nam a2200097Ia 4500001000400000008004100004082002400045100006300069245005000132260000800182227241024s9999 xx 000 0 und d aRD/374.897293/R426c aRepública Dominicana Secretaria de Estado de Educación 0aCuaderno de Capacitación para facilitadores bSEE